000 01809nam a2200337 a 4500
001 BRCA_2994
005 20190320204048.0
008 160109s1625----fr-#---###---#000-0#fre-u
041 _afre
044 _afr
084 _a316
_b.M478
_c1625
100 1 _aCervantes Saavedra, Miguel de
_d1547-1616
_9213
245 1 0 _aLe valereux Don Quixote de la Manche
_bov l´Histoire de ses Grands Exploits d´armes, fideles Amours, et Adventures estranges
_cMiguel de Cervante Saavedra.
260 _aParís
_bJean Mestrais
_c1625
300 _a742 p.
_c17 cm.
500 _aContenido : Primera parte. Dedicatoria al Rey por el traductor. Prólogo del autor. Advertencia del editor. Texto
500 _aEdición : Oeuvre non moins vtile qve de plaisante et delectable lecture. Traduit fidelement de l´Espagnol de Michel de Cervantes, et dedi, au Roy. Par Cesar Ovdin
500 _aCuarta edición de la traucción francesa de la primera parte, copia de la segunda y tercera, impresas en 1616 y 1620, respectivamente, pero carece del extracto del privilegio. La parte tipográfica no es tan perfecta. La segunda y tercera guarda contienen notas escritas a mano, con tinta y lápiz. Piel; lomera decorada con florones y filetes dorados Lúdovik Osterc
500 _aEstado físico : Anotaciones en la guarda
500 _aExistencias : Complementa al LO-317
500 _aQM239
546 _aTexto en : francés
650 1 4 _aNovela española
_yÉpoca clásica, 1500-1700
_9215
650 1 4 _aLiteratura española
_yÉpoca clásica, 1500-1700
_9216
650 1 4 _aNovela española
_ySiglo XVII
_9217
650 1 4 _aDon Quijote (Personaje ficticio)
_eNovela
_9218
700 1 _aOudin, César
_d-1625
_eTraductor
_98281
740 0 _aEl Ingenioso Hidalgo Don Quijote de la Mancha
902 _aQFM
942 _2lcc
_cB
999 _c2733
_d2733